[Event "AUTO-OPEN-887"]
[Site "http://www.queenalice.com/game.php?id=297113"]
[Date "2007.11.2"]
[Round "1"]
[White "Ednilson_Aioria"]
[Black "malconnaor"]
[Result "1-0"]
[WhiteElo "1876"]
[BlackElo "1361"]

1. d4 e6 2. e4 d6 3. f4 Nf6 4. Nc3 g6 5. Bd3 Bg7 6. Be3 O-O 7. h3 Nc6 8. a3 Nh5
9. Nce2 e5 10. d5 Qh4+ 11. Bf2 Qf6 12. dxc6 bxc6 13. f5 gxf5 14. exf5 d5 15. g4
Nf4 16. Nxf4 c5 17. Nxd5 Qd6 18. Be4 Qa6 19. Ne7+ Kh8 20. Bxa8 Bf6 21. Nxc8 Rxc8
22. Bg2 Rd8 23. Qf3 Qa5+ 24. c3 e4 25. Qe3 Qa4 26. Qh6 Bg7 27. Qg5 Rd6 28. Bxc5
h6 29. Qe3 Rd3 30. Qe2 Rd5 31. Be3 c5 32. h4 a6 33. Nh3 c4 34. Bxe4 Rd8 35. O-O
Qd7 36. Qxc4 Re8 37. Rad1 Qe7 38. f6 Bxf6 39. Rxf6 Qxf6 40. Bd4 Qg7 41. Bxg7+
Kxg7 42. Rf1 1-0

[Event "AUTO-OPEN-887"]
[Site "http://www.queenalice.com/game.php?id=297114"]
[Date "2007.11.2"]
[Round "1"]
[White "malconnaor"]
[Black "Ednilson_Aioria"]
[Result "0-1"]
[WhiteElo "1420"]
[BlackElo "1842"]

1. e4 e5 2. Nf3 Nc6 3. Be2 Nf6 4. d3 Bc5 5. O-O d6 6. b3 h6 7. Nc3 Be6 8. Bb2 a6
9. a4 Qd7 10. Nh4 O-O-O 11. Bf3 g5 12. Nf5 Bxf5 13. Qe2 Bg6 14. Rad1 h5 15. Nd5
Nxd5 16. exd5 Ne7 17. c3 f5 18. d4 exd4 19. cxd4 Bb6 20. Ba3 g4 21. Bxg4 fxg4
22. b4 h4 23. a5 Ba7 24. Rc1 h3 25. Rfe1 Rde8 26. Rc3 Nxd5 27. Re3 Nxe3 28. fxe3
Bxd4 29. Bc1 g3 30. gxh3 Qxh3 31. b5 gxh2+ 32. Kf2 Ref8+ 0-1

[Event "AUTO-OPEN-887"]
[Site "http://www.queenalice.com/game.php?id=297135"]
[Date "2007.11.2"]
[Round "1"]
[White "Vampyr"]
[Black "malconnaor"]
[Result "1-0"]
[WhiteElo "2050"]
[BlackElo "1500"]

1. e4 e5 2. Nf3 Nc6 3. Bb5 Na5 4. O-O Nf6 5. Re1 Nxe4 6. Rxe4 f6 7. Nxe5 fxe5 8.
Qh5+ g6 9. Rxe5+ Be7 10. Qe2 O-O 11. Rxe7 c6 12. Qe5 d6 13. Qg7# 1-0

[Event "AUTO-OPEN-887"]
[Site "http://www.queenalice.com/game.php?id=297136"]
[Date "2007.11.2"]
[Round "1"]
[White "malconnaor"]
[Black "Vampyr"]
[Result "0-1"]
[WhiteElo "1361"]
[BlackElo "2146"]

1. e4 c5 2. Nf3 Nc6 3. Nc3 g6 4. Be2 Bg7 5. O-O d6 6. d4 cxd4 7. Nd5 e6 8. c3
exd5 9. cxd4 dxe4 10. Bg5 f6 11. Bh4 exf3 12. Bxf3 Nge7 13. Qe2 O-O 14. Rfe1 Nf5
15. Bd5+ Kh8 16. Rac1 Ncxd4 17. Qc4 Bd7 18. Bxb7 Rb8 19. Bd5 Bb5 20. Qc3 Rc8 21.
Qd2 Rxc1 22. Qxc1 Nxh4 23. f3 Ne2+ 24. Rxe2 Bxe2 25. Kf2 Bb5 26. Kg3 Nf5+ 27.
Kf2 Qb6+ 28. Ke1 Qg1+ 29. Kd2 Bh6+ 30. Kc2 Qxc1+ 31. Kb3 Nd4+ 32. Ka3 Qc5+ 0-1

[Event "AUTO-OPEN-887"]
[Site "http://www.queenalice.com/game.php?id=297149"]
[Date "2007.11.2"]
[Round "1"]
[White "malconnaor"]
[Black "maddevil"]
[Result "0-1"]
[WhiteElo "1293"]
[BlackElo "1650"]

1. e4 e5 2. Nf3 Qf6 3. d3 h6 4. g3 Bc5 5. Bg2 g5 6. O-O Ne7 7. Qe2 d6 8. b3 Nbc6
9. Nc3 Nd4 10. Qd1 Bg4 11. h3 Bxf3 12. Qd2 Bxg2 13. Kxg2 Qf3+ 14. Kg1 b5 15. a4
Bb4 16. Re1 Bxc3 17. Qxc3 Ne2+ 18. Rxe2 Qxe2 19. Ba3 O-O 20. d4 bxa4 21. bxa4
Qxe4 22. Re1 Qc6 0-1

[Event "AUTO-OPEN-887"]
[Site "http://www.queenalice.com/game.php?id=297150"]
[Date "2007.11.2"]
[Round "1"]
[White "maddevil"]
[Black "malconnaor"]
[Result "1-0"]
[WhiteElo "1659"]
[BlackElo "1500"]

1. e4 e5 2. Bc4 Nc6 3. Nf3 Nh6 4. a3 g6 5. d3 Bg7 6. Nc3 O-O 7. Be3 d6 8. Qd2
Ng4 9. Bg5 Ne7 10. h3 Nf6 11. Bh6 Bxh6 12. Qxh6 b6 13. Ng5 Nf5 14. exf5 Bxf5 15.
Nd5 Re8 16. Nxf6+ Qxf6 17. Qxh7+ Kf8 18. Bxf7 Re7 19. Qg8# 1-0

[Event "Challenge"]
[Site "http://www.queenalice.com/game.php?id=299630"]
[Date "2007.11.7"]
[Round "-"]
[White "malconnaor"]
[Black "Ednilson_Aioria"]
[Result "0-1"]
[WhiteElo "1361"]
[BlackElo "1878"]

1. e4 e5 2. Nf3 Nc6 3. c4 Nf6 4. Bd3 d6 5. O-O Nb4 6. Be2 Nxe4 7. d3 Nf6 8. Nc3
h6 9. a3 Nc6 10. b4 a6 11. a4 Nxb4 12. Ba3 Nc6 13. Rb1 Be7 14. Qd2 O-O 15. Ne4
Nxe4 16. dxe4 b6 17. Rb3 Bb7 18. Bc1 Na5 19. Rc3 Bxe4 20. Nd4 exd4 21. Qxd4 Bc6
22. Rg3 Bf6 23. Qg4 g5 24. Bd3 Bd7 25. Qh5 Kg7 26. h4 Rh8 27. hxg5 Bxg5 28. f4
Qg8 29. fxg5 Kf8 30. g6 Qg7 31. Qf3 Rd8 32. Qxf7+ Qxf7 33. g7+ Ke7 34. Rxf7+
Kxf7 35. gxh8=Q Rxh8 36. Bg6+ Kf8 37. Bb2 Rg8 38. Rf3+ Ke7 39. Rf7+ Kd8 40. Bf6+
Kc8 41. Be4 Nxc4 42. Rh7 Nd2 0-1